Estudios de Derecho Hipotecario y Derecho Civil / (Record no. 74445)

MARC details
000 -LEADER
campo de control de longitud fija 00837nam a2200217 i 4500
001 - NÚMERO DE CONTROL
campo de control 74445
003 - IDENTIFICADOR DE NÚMERO DE CONTROL
campo de control ES-MaACL
005 - FECHA Y HORA DE LA ÚLTIMA TRANSACCIÓN
campo de control 20250811071520.0
007 - CAMPO FIJO DE DESCRIPCIÓN FÍSICA--INFORMACIÓN GENERAL
campo de control de longitud fija t|
008 - DATOS DE LONGITUD FIJA--INFORMACIÓN GENERAL
campo de control de longitud fija 040920s1948 sp ||||1| spa d
100 1# - ENTRADA PRINCIPAL--NOMBRE DE PERSONA
Nombre de persona González y Martínez, Jerónimo.
9 (RLIN) 59036
245 10 - MENCIÓN DEL TÍTULO
Título Estudios de Derecho Hipotecario y Derecho Civil /
Mención de responsabilidad, etc. Jerónimo González y Martínez ; prólogo de José Castán Tobeñas.
260 ## - PUBLICACIÓN, DISTRIBUCIÓN, ETC.
Lugar de publicación, distribución, etc. Madrid :
Nombre del editor, distribuidor, etc. Ministerio de Justicia,
Fecha de publicación, distribución, etc. 1948 (
Fabricante Uguina)
300 ## - DESCRIPCIÓN FÍSICA
Extensión 3 v. ;
Dimensiones 22 cm.
505 8# - NOTA DE CONTENIDO CON FORMATO
Nota de contenido con formato Contiene: El vol. 2: Semblanza de Don Jerónimo / por Rafael Núñez Lagos
700 1# - ENTRADA AGREGADA--NOMBRE PERSONAL
Nombre de persona Castán Tobeñas, José,
Fechas asociadas al nombre 1889-1969
9 (RLIN) 36392
700 1# - ENTRADA AGREGADA--NOMBRE PERSONAL
Nombre de persona Núñez Lagos, Rafael,
Fechas asociadas al nombre 1902-1991
9 (RLIN) 86209
710 1# - ENTRADA AGREGADA--NOMBRE DE ENTIDAD CORPORATIVA
Nombre de entidad corporativa o nombre de jurisdicción como elemento de entrada España.
Unidad subordinada Ministerio de Justicia
9 (RLIN) 3895
852 ## - LOCALIZACIÓN
Ubicación ES-MaACL
Número de control de estantería B-1294-96
Sublocalización o colección R.26940
Holdings
Estatus retirado Estado de pérdida Estado de daño No para préstamo Biblioteca de origen Biblioteca actual Ubicación en estantería Fecha de adquisición Fuente de adquisición Total de préstamos Signatura topográfica completa Código de barras Visto por última vez Precio de reemplazo Tipo de ítem Koha
        Biblioteca del Ateneo de Madrid Biblioteca del Ateneo de Madrid Sala Pardo Bazán 17/01/2008     B-1294-96 1077930 23/02/2023 23/02/2023 Libro impreso